Japonské ATM využívají biometrii

Snaha o účinný boj proti krádeži identity, biometrická identifikácia. Využitie prevažne v Japonsku. Dva štandardy rozpoznávania kapilár: Fujitsu versus Hitachi. Prepojenie týchto dvoch systémov je zložité.

Gespeichert in:
Bibliographische Detailangaben
Format: Buchkapitel
Sprache:Tschechisch
Schlagworte:
Tags: Tag hinzufügen
Keine Tags, Fügen Sie das erste Tag hinzu!

MARC

LEADER 00000naa$a2200000$$$4500
001 0059036
005 20231010094653.1
041 0 |a cze 
044 |a CZ 
245 1 0 |a Japonské ATM využívají biometrii 
520 |a Snaha o účinný boj proti krádeži identity, biometrická identifikácia. Využitie prevažne v Japonsku. Dva štandardy rozpoznávania kapilár: Fujitsu versus Hitachi. Prepojenie týchto dvoch systémov je zložité. 
610 2 0 |a banky 
610 2 0 |a Japonsko 
610 2 0 |a bankomaty 
610 2 0 |a systémy bezpečnostné 
610 2 0 |a technológie nové